000 005000000a22001570004500
003 MACL
005 20170707123206.0
008 170707b xxu||||| |||| 00| 0 eng d
040 _cmacl
100 _aजोशी,जगदीश
_968092
245 _aकहि न जाए का काहिए
260 _bसाहित्‍य भंण्‍डार
_c1997
_aइला‍हाबाद
350 _a150
650 _aसाहित्‍य
_968093
942 _cHIN
_k800/JOS/L
_2ddc
999 _c12621
_d12621